000 00576nam a22001817a 4500
003 UA-OsUOA
001 16335
007 ta
008 20031230b un ||||| |||| 00| 0 ukr d
100 _aКолодяжний М.
942 _cSA
040 _aUA-OsUOA
_cUA-OsUOA
_dUA-OsUOA
245 _aІ творча лабораторія, і координатор
_b[Про роботу станції юних натуралістів в м.Рівне]
300 _aС.3
955 _a0
773 0 _w0
_t2003106/107/19 груд./
650 7 _aКраєзнавча робота
_2UDC
999 _c302500
_d302500